000 00723na a2200265 4500
001 14357
003 MIRAKIL
005 20181213155018.0
008 161227b tu 000 0
020 _a9757362476
035 _a14357
040 _aMilas
_btur
_cTR-AnCHP
041 _atur
082 _a920.7 Emeç,Ç.
_bÖ94ö 1994
090 _a920.7 Emeç,Ç. Ö94ö 1994
100 _aÖzkan, Tuncay
245 _aÖldürün o gazeteciyi
_cTuncay Özkan
260 _aAnkara
_bÜmit Yayıncılık
_c1994
300 _a226 s.
_c18 sm.
490 _aUfuk dizisi
_v24
600 _aEmeç, Çetin
_d1935-1990
_xYaşamöyküsü
650 _aİslami terör
_xGazeteciler
650 _aGazeteciler
942 _2ddc
_cBKS
999 _c4796
_d4796